Normal view MARC view

Entry Personal Name

Number of records used in: 1

001 - CONTROL NUMBER

  • control field: 623774

003 - CONTROL NUMBER IDENTIFIER

  • control field: OSt

005 - DATE AND TIME OF LATEST TRANSACTION

  • control field: 20221005104309.0

008 - FIXED-LENGTH DATA ELEMENTS

  • fixed length control field: 221005|| aca||aabn | a|a d

040 ## - CATALOGING SOURCE

  • Original cataloging agency: OSt
  • Transcribing agency: OSt

100 ## - HEADING--PERSONAL NAME

  • Personal name: गुरूदीन, के. संजय कुमार, ले

670 ## - SOURCE DATA FOUND

  • Source citation: Work cat.: (OSt)1012307: गुरूदीन, के. संजय कुमार, ले., क्या आपका बच्चा सुरक्षित है?, 2018
Copyright @ Delhi University Library System